Dortmund all time xi - Statistics

General Stats
  • This quiz has been taken 144 times
  • The average score is 6 of 11
Answer Stats
Hint Answer % Correct
MF(Germany) Marco Reus
91%
FW(Gabon) Pierre-Emerick Aubameyang
91%
DF(Germany) Mats Hummels
84%
GK(Germany) Roman Weidenfeller
75%
DF(Poland) Łukasz Piszczek
63%
DF(Germany) Marcel Schmelzer
54%
DF(Germany) Matthias Sammer
48%
FW(Poland) Jakub Błaszczykowski
45%
MF(Germany) Lars Ricken
42%
MF(Germany) Michael Zorc
29%
FW(Germany Alfred Preißler
10%
No matching quizzes found
Score Distribution
Percent of People with Each Score
Percentile by Number Answered
Your Score History
You have not taken this quiz